000 00324nam a22001337a 4500
008 171009b xxu||||| |||| 00| 0 eng d
020 _a9781572303225
041 _aeng
080 _a159.9
100 _a49
101 _aPSI
245 _aSEX AND GENDER DIFFERENCES IN PERSONAL RELATIONSHIPS
_cCANARY,D.J
942 _2udc
_cBK
999 _c32572
_d32572